000 00664nam a2200193 i 4500
001 39746
003 ES-MaACL
005 20230906160054.0
007 t|
008 030304s1981 sp ||||1| spa d
020 _a84-600-2504-7
100 1 _aCantarellas Camps, Catalina.
_934626
245 1 3 _aLa arquitectura mallorquina desde la Ilustración a la Restauración /
_cCatalina Cantarellas Camps.
260 _aPalma de Mallorca :
_bInstitut d'Estudis Baleáarics,
_c1981.
300 _a621 p. :
_bil. ;
_c27 cm.
504 _aBibliografía. Indice.
710 0 0 _aInstitut d'Estudis Baleàrics (Palma de Mallorca)
_94742
852 _aES-MaACL
_jL-9448
_bR.111292
999 _c39746
_d39746